zpět

Detail výsledku týmu

Hospůdka Želenice, Želenice

Datum a čas kvízu

10.5 Celkem bodů Celkový počet nahraných bodů na tomto kvízu bez doplňovacích otázek.
4. Pořadí na kvízu Konečné umístění týmu na tomto kvízu.

Zaznamenané odpovědi

# Otázka Odpověď Body Výsledky
1. Sociální demokraté si novým šé... 0
2. Nejmladší evropský stát Kosovo... 0
3. Novou soškou lva inspirovanou... 0
4. Německá vláda hodlá výrazně ro... 0
5. Ester Ledecká si v sobotu jen... 0
6. Který z těchto členů skupiny P... 1
7. Kdo bývá v řecké mytologii ozn... 0
8. Který z těchto výrobků nepatří... 1
9. Orion je kosmická loď vyvíjená... 0
10. Odrůda jablek Orion byla vyšle... 0.5